000 01094cam a2200337 a 4500
001 14034
003 BD-JhCC
005 20240524093959.0
008 881011s1989 enkabc e 001 0 eng
020 _a0521334519
035 _a(BD-JhCC)14034
035 _a173390
040 _aLC
_cLC
_dVIT
041 _aeng
050 4 _aDS334.9
_b.C36 1989
050 4 _aDS334.9.
_b.C36 1989
082 0 4 _a954/.003
_220
082 0 4 _a954.003
_219
_bROB 1989
245 0 4 _aThe Cambridge encyclopedia of India, Pakistan, Bangladesh, Sri Lanka, Nepal, Bhutan, and the Maldives /
_ceditor, Francis Robinson.
246 3 _aCambridge encyclopedia of India
260 _aCambridge [England] ;
_aNew York :
_bCambridge University Press,
_c1989.
263 _a8903
300 _a520 p. :
_bill. (some col.), maps (some col.), ports. ;
_c27 cm.
500 _aIncludes index.
504 _aIncludes bibliographical references.
651 0 _aSouth Asia
_xEncyclopedias.
651 0 _aIndia
_xEncyclopedias.
651 0 _aPakistan
_xEncyclopedias.
700 1 _aRobinson, Francis.
942 _2ddc
_cBK
999 _c14034
_d14034